[Event "AUTO-BEG-413"]
[Site "http://www.queenalice.com/game.php?id=812567"]
[Date "2010.8.3"]
[Round "1"]
[White "mat_ktx"]
[Black "mplandshark"]
[Result "1-0"]
[WhiteElo "1127"]
[BlackElo "1118"]

1. e4 c5 2. Bc4 e6 3. Nc3 Ne7 4. Nf3 a6 5. Ne5 d6 6. Nd3 b5 7. Bb3 c4 8. Bxc4
bxc4 9. Nf4 Nbc6 10. b3 cxb3 11. axb3 Ng6 12. Nxg6 1-0

[Event "AUTO-BEG-413"]
[Site "http://www.queenalice.com/game.php?id=812568"]
[Date "2010.8.3"]
[Round "1"]
[White "mplandshark"]
[Black "mat_ktx"]
[Result "0-1"]
[WhiteElo "1135"]
[BlackElo "1110"]

1. e4 e6 2. d4 c6 3. c4 Bb4+ 4. Nc3 Qh4 5. Bd3 c5 6. Nf3 Qf6 7. e5 Qd8 8. Bd2
Qb6 9. dxc5 Bxc5 10. O-O Bxf2+ 0-1

[Event "AUTO-BEG-413"]
[Site "http://www.queenalice.com/game.php?id=812569"]
[Date "2010.8.3"]
[Round "1"]
[White "mat_ktx"]
[Black "proppwilson"]
[Result "0-1"]
[WhiteElo "1063"]
[BlackElo "1649"]

1. Nf3 Nf6 2. e3 d5 3. Qe2 Bg4 4. h3 Bh5 5. g4 Bg6 6. c3 h6 7. d4 Nc6 8. Ne5
Nxe5 9. dxe5 Nd7 10. f4 e6 11. b3 Nc5 12. Qb5+ c6 13. Qe2 Qh4+ 14. Qf2 Qxf2+ 15.
Kxf2 Bxb1 16. Rxb1 Ne4+ 17. Kf3 Nxc3 18. Rb2 Ba3 19. Rc2 Bxc1 20. Rxc1 Nxa2 21.
Rc3 Nxc3 22. g5 hxg5 23. fxg5 Ne4 24. h4 Nxg5+ 25. Kg2 Ne4 26. b4 O-O-O 27. Be2
f5 28. exf6 Nxf6 29. Kg3 d4 30. exd4 Rxd4 31. b5 c5 32. h5 Rd5 33. Rh4 Nxh5+ 34.
Kg4 Rd4+ 35. Kg5 Rxh4 36. Kxh4 Nf4+ 0-1

[Event "AUTO-BEG-413"]
[Site "http://www.queenalice.com/game.php?id=812571"]
[Date "2010.8.3"]
[Round "1"]
[White "mat_ktx"]
[Black "Leo_cx"]
[Result "1-0"]
[WhiteElo "1082"]
[BlackElo "1272"]

1. Nh3 e6 2. Nc3 Bc5 3. a3 Qf6 4. e3 Nh6 5. Ne4 Qe7 6. Nhg5 f6 7. Nf3 f5 8. Nxc5
Qxc5 9. d4 Qd5 10. Ng5 Nf7 11. Nxf7 Kxf7 12. Rg1 g6 13. Qd3 Qd6 14. g3 b6 15.
Bg2 c6 16. b4 h5 17. Bb2 h4 18. d5 Re8 19. Qd4 Rg8 20. Qf6+ Ke8 21. Ke2 Ba6+ 22.
Kd2 c5 23. bxc5 Qxc5 24. dxe6 Qd6+ 25. Ke1 Nc6 26. Qf7+ Kd8 27. Qxg8+ Kc7 28.
Qxa8 Qxe6 29. Qh8 g5 30. gxh4 gxh4 31. Qxh4 Ne5 32. Qg3 d6 33. h4 Nc4 34. Bc3
Qd5 35. Bxd5 1-0

[Event "AUTO-BEG-413"]
[Site "http://www.queenalice.com/game.php?id=812572"]
[Date "2010.8.3"]
[Round "1"]
[White "Leo_cx"]
[Black "mat_ktx"]
[Result "1-0"]
[WhiteElo "1116"]
[BlackElo "1080"]

1. e3 e5 2. Qh5 Nf6 3. Qxe5+ Qe7 4. Qxc7 Qd8 5. Qe5+ Be7 6. Nc3 O-O 7. Bd3 Nc6
8. Qg3 Nh5 9. Qf3 Nf6 10. Nd5 Nxd5 11. Qxd5 Bf6 12. Qh5 Ne5 13. Qxh7# 1-0

[Event "AUTO-BEG-423"]
[Site "http://www.queenalice.com/game.php?id=835913"]
[Date "2010.9.21"]
[Round "1"]
[White "castropereira"]
[Black "mat_ktx"]
[Result "1-0"]
[WhiteElo "1071"]
[BlackElo "1223"]

1. b4 Nc6 2. b5 Na5 3. Nf3 Nf6 4. c3 d6 5. Qa4 b6 6. Qd1 Nc4 7. d3 Ne5 8. Nxe5
dxe5 9. d4 exd4 10. cxd4 c5 11. dxc5 Qxd1+ 12. Kxd1 bxc5 13. Nd2 Bf5 14. Ba3 e5
15. Ke1 Ne4 16. Rc1 Nxd2 17. Kxd2 Be4 18. f3 Bb7 19. Rxc5 Bxc5 20. Bxc5 e4 21.
fxe4 Bxe4 22. Ke3 Bb7 23. Bd4 f6 24. h4 O-O 25. Kf2 Rfd8 26. b6 a6 27. e3 f5 28.
Rh3 g6 29. e4 Rxd4 30. exf5 gxf5 31. Rf3 Bxf3 32. Kxf3 Rxh4 33. g3 Rh1 34. Be2
Ra1 35. Bc4+ Kg7 36. b7 Rb8 37. Kf4 Rxb7 38. Be6 a5 39. Kxf5 a4 40. Bc8 Rf7+ 41.
Ke5 Rxa2 42. Ke6 Re2+ 43. Kd6 a3 44. Kc6 1-0

[Event "AUTO-BEG-423"]
[Site "http://www.queenalice.com/game.php?id=835914"]
[Date "2010.9.21"]
[Round "1"]
[White "mat_ktx"]
[Black "castropereira"]
[Result "1-0"]
[WhiteElo "1196"]
[BlackElo "1114"]

1. e3 Nc6 2. g3 Nf6 3. c3 Ne4 4. Bb5 a6 5. Bc4 b5 6. Bd3 Nd6 7. Qh5 g6 8. Qf3
Bh6 9. Nh3 e6 10. a4 f5 11. axb5 axb5 12. Rxa8 g5 13. Na3 b4 14. cxb4 g4 15. Qg2
Nxb4 16. Be2 gxh3 17. Qxh3 Na2 18. O-O Nxc1 19. Rxc1 Ne4 20. Nc4 d5 21. Na5 Nxd2
22. Nb7 e5 23. Nxd8 Kxd8 24. Qxf5 Ke8 25. Qf6 Rf8 26. Qxh6 e4 27. Rxc7 Kd8 28.
Raxc8# 1-0

[Event "AUTO-BEG-424"]
[Site "http://www.queenalice.com/game.php?id=838063"]
[Date "2010.9.26"]
[Round "1"]
[White "daddonet"]
[Black "mat_ktx"]
[Result "1-0"]
[WhiteElo "1220"]
[BlackElo "1225"]

1. e4 e5 2. Nf3 Bc5 3. Bc4 c6 4. O-O Nh6 5. Nxe5 Na6 6. d4 Bd6 7. Bxh6 gxh6 8.
Nxf7 Qf6 9. Nxh8 Qxh8 10. Qh5+ Kf8 11. Qf7# 1-0

[Event "AUTO-BEG-424"]
[Site "http://www.queenalice.com/game.php?id=838064"]
[Date "2010.9.26"]
[Round "1"]
[White "mat_ktx"]
[Black "daddonet"]
[Result "0-1"]
[WhiteElo "1170"]
[BlackElo "1291"]

1. e3 e5 2. Bc4 c6 3. Qh5 Qe7 4. d3 d5 5. Bb3 Nf6 6. Qf3 Bg4 7. Qg3 Qe6 8. h3
Bh5 9. Nf3 Bd6 10. Qxg7 Rg8 11. Qh6 Rg6 12. Qxg6 Bxg6 13. c3 Na6 14. c4 Bxd3 15.
cxd5 Nxd5 0-1

[Event "AUTO-BEG-424"]
[Site "http://www.queenalice.com/game.php?id=838071"]
[Date "2010.9.26"]
[Round "1"]
[White "mat_ktx"]
[Black "marysson"]
[Result "0-1"]
[WhiteElo "1185"]
[BlackElo "1220"]

1. e3 Nf6 2. Bc4 d5 3. Bb3 c5 4. d3 e5 5. e4 b6 6. exd5 Nxd5 7. Ba4+ Bd7 8.
Bxd7+ Nxd7 9. Nf3 Be7 10. Nxe5 Nxe5 11. Nc3 Nxc3 12. Qh5 Nd5 13. Qxe5 f6 14. Qg3
g5 15. h4 Rg8 16. hxg5 fxg5 17. Rxh7 Qd6 18. Qxd6 Bxd6 19. a4 Nf6 20. Rb7 Nd5
21. c3 Kd8 22. a5 bxa5 23. Rxa5 Kc8 24. Raxa7 Rxa7 25. Rxa7 Rd8 26. Bxg5 Rd7 27.
Ra8+ Kc7 28. Ra4 Rh7 29. g3 Rh1+ 30. Ke2 Rb1 31. b4 Nxc3+ 32. Kd2 Nxa4 33. bxc5
Nxc5 0-1

[Event "AUTO-BEG-424"]
[Site "http://www.queenalice.com/game.php?id=838072"]
[Date "2010.9.26"]
[Round "1"]
[White "marysson"]
[Black "mat_ktx"]
[Result "1-0"]
[WhiteElo "1204"]
[BlackElo "1201"]

1. g4 b6 2. Bg2 c6 3. g5 g6 4. h4 b5 5. d4 Ba6 6. e4 Bg7 7. Be3 Qb6 8. e5 f6 9.
exf6 exf6 10. Qd3 fxg5 11. Bxg5 Qxd4 12. Qxd4 Bxd4 13. c3 Bf6 14. Bxf6 Nxf6 15.
Nf3 d5 16. Ne5 Bb7 17. b4 Nbd7 18. Nxd7 Kxd7 19. Rh3 Kd6 20. Nd2 h6 21. Rf3 Ne4
22. Nxe4+ Ke5 23. Nc5 Bc8 24. a4 bxa4 25. Rxa4 a6 26. Re3+ Kf4 27. Ke2 g5 28.
Re6 Bxe6 29. Rxa6 gxh4 30. Rxc6 Bg4+ 31. Kd3 Ra5 32. Rf6+ Kg5 33. Rd6 Raa8 34.
Rxd5+ Kf4 35. Rd6 1-0

[Event "AUTO-OPEN-2116"]
[Site "http://www.queenalice.com/game.php?id=838164"]
[Date "2010.9.26"]
[Round "1"]
[White "mat_ktx"]
[Black "Janivgm"]
[Result "0-1"]
[WhiteElo "1149"]
[BlackElo "1861"]

1. c3 e5 2. d3 d5 3. Qa4+ c6 4. Bd2 Bd7 5. g3 Nf6 6. Bg5 h6 7. Be3 c5 8. Qb3 b6
9. Nf3 Nc6 10. d4 c4 0-1

[Event "AUTO-OPEN-2116"]
[Site "http://www.queenalice.com/game.php?id=838165"]
[Date "2010.9.26"]
[Round "1"]
[White "Janivgm"]
[Black "mat_ktx"]
[Result "1-0"]
[WhiteElo "1859"]
[BlackElo "1151"]

1. e4 e6 2. d4 c6 3. Nc3 Nf6 4. Nf3 d5 5. e5 Ne4 6. Nxe4 dxe4 7. Ng5 Qa5+ 8. c3
Na6 9. Nxe4 b5 10. Bf4 h6 11. Bd3 1-0